[Event "Buenos Aires GP"]
[Site "Buenos Aires"]
[Date "1991.??.??"]
[Round "6"]
[White "Giaccio, Alfredo"]
[Black "Cativelli, Gerardo"]
[Result "1/2-1/2"]
[WhiteElo "2325"]
[BlackElo "2220"]

1.c4 c6 2.e4 d5 3.cxd5 cxd5 4.exd5 Nf6 5.Bb5+ Nbd7 6.Nc3 g6 7.Nf3 Bg7 8.d4 O-O
9.d6 exd6 10.O-O a6 11.Bd3 Nb6 12.Re1 Be6 13.Bg5 Qd7 14.Qd2 Rfe8 15.Qf4 Nbd5
16.Qh4 Rac8 17.Ne4 Nxe4 18.Bxe4 Nb4 19.a3 Nc2 20.Bxc2 Rxc2 21.Bf6 Bd5 22.Qf4 Bxf3
23.gxf3 Re6 24.Bxg7 Kxg7 25.d5 Rf6 26.Qd4 Qf5 27.Re3 Qf4 28.Qxf4 Rxf4 29.Rb3 b5
30.Rd1 Kf6 31.Kg2 Rfc4 32.Kg3 Re2 33.Rc3 Rxb2 34.Rxc4 bxc4 35.Rc1 Rb3 36.Rxc4 Rxa3
37.Rc6 Ke5 38.Rc7 a5 39.Rxf7 a4 40.Rxh7 Ra1 41.Ra7 Kxd5 42.f4 Ke6 43.Ra6 a3
44.Kf3 a2 45.h4 Kf5 46.Ra5+ Kf6 47.Ra6 Kg7 48.f5 gxf5 49.Kf4 d5 50.Kxf5 d4
51.Ra7+ Kf8 52.Ra8+ Ke7 53.Ra7+ Kd6 54.h5 d3 55.Ra3 Ke7 56.Ra7+ Kf8 57.Ra8+ Kg7
58.Ra7+ Kh6 59.Ra6+ Kxh5 60.Ra8 Kh6 61.Kf6 Kh7 62.Ra7+ Kg8 63.Ra8+  1/2-1/2

[Event "Calcutta"]
[Site "Calcutta"]
[Date "1991.??.??"]
[Round "?"]
[White "Palatnik, Semon"]
[Black "Ye Rongguang"]
[Result "1/2-1/2"]
[WhiteElo "2450"]
[BlackElo "2545"]

1.c4 c6 2.d4 d5 3.Nf3 Nf6 4.Qc2 dxc4 5.Qxc4 e6 6.g3 b5 7.Qb3 Qb6 8.Bg2 Bb7
9.O-O Nbd7 10.a4 b4 11.a5 Qa6 12.Bd2 c5 13.dxc5 Bxc5 14.Bxb4 Bd5 15.Qa3 Bxb4
16.Qxb4 Rb8 17.Qd4 O-O 18.Nc3 Bxf3 19.Bxf3 e5 20.Qe3 Rxb2 21.Rfd1 Rb3 22.Qd2 Qe6
23.Ne4 h6 24.Rac1 Rb5 25.Rc7 Nxe4 26.Bxe4 Nf6 27.Bc6 Rc5 28.Bd7 Qc4 29.Rxc5 Qxc5
30.Bf5 e4 31.Bh3 Re8 32.e3 Qh5 33.Bg2 Re5 34.Qd8+ Re8 35.Qd2 Re5 36.Qd8+ Re8  1/2-1/2

[Event "Cappelle op"]
[Site "Cappelle la Grande"]
[Date "1991.??.??"]
[Round "?"]
[White "Banas, Jan"]
[Black "Finegold, Gina L"]
[Result "1-0"]
[WhiteElo "2370"]
[BlackElo "2120"]

1.c4 c6 2.e4 d5 3.exd5 Nf6 4.d4 cxd5 5.Nc3 Be6 6.Nge2 dxc4 7.Nf4 Qc8 8.Nxe6 Qxe6+
9.Be2 Nbd7 10.Qa4 a6 11.O-O Rc8 12.Bf3 Qb6 13.Bg5 e6 14.d5 Be7 15.dxe6 fxe6
16.Rad1 Qc7 17.Bxf6 Bxf6 18.Rfe1 O-O 19.Rxd7 Qf4 20.Ne2 Qe5 21.Rxb7 Bg5 22.Rf1 Rcd8
23.Qxc4 Rd2 24.Ng3 Rd4 25.Qxa6  1-0

[Event "Cappelle op"]
[Site "Cappelle la Grande"]
[Date "1991.??.??"]
[Round "3"]
[White "Negulescu, Adrian"]
[Black "Stoinev, Metodi"]
[Result "0-1"]
[WhiteElo "2395"]
[BlackElo "2230"]

1.c4 c6 2.e4 e5 3.Nf3 d6 4.d4 Nd7 5.Nc3 Ngf6 6.Be2 Be7 7.O-O O-O 8.h3 Re8
9.Be3 Qc7 10.Qc2 Nf8 11.c5 dxc5 12.dxc5 h6 13.b4 Be6 14.Nd2 Red8 15.f4 exf4
16.Bxf4 Qd7 17.Nf3 Ng6 18.Bh2 a5 19.Rad1 Qe8 20.a3 axb4 21.axb4 Rxd1 22.Rxd1 Rd8
23.Nd4 Bc8 24.e5 Nd7 25.Qe4 Bg5 26.Nf3 Ndf8 27.h4 Rxd1+ 28.Nxd1 Bd8 29.h5 Ne7
30.Ne3 Be6 31.Nc4 Nd5 32.Nd6 Qd7 33.Bd3 b6 34.Kh1 bxc5 35.bxc5 Bg4 36.Bc4 Bxh5
37.Bxd5 cxd5 38.Qxd5 Ne6 39.c6 Qa7 40.Bg1 Qa1 41.Nc4 Bc7 42.Nfd2 Qe1 43.Qe4 Qxe4
44.Nxe4 Nd8 45.Nc5 Be2 46.Na6 Bxc4 47.Nxc7 Nxc6 48.Bh2 Kf8 49.Na8 Ke7 50.Nb6 Bb3  0-1

[Event "JUG-chT Cetinje"]
[Site "Cetinje"]
[Date "1991.??.??"]
[Round "3"]
[White "Sokolov, Ivan"]
[Black "Djukic, Zeljko"]
[Result "1-0"]
[WhiteElo "2570"]
[BlackElo "2420"]

1.c4 c6 2.d4 d5 3.Nf3 Nf6 4.Nc3 e6 5.Bg5 dxc4 6.e4 b5 7.e5 h6 8.Bh4 g5 9.Nxg5 hxg5
10.Bxg5 Nbd7 11.g3 Bb7 12.Bg2 Qb6 13.exf6 c5 14.dxc5 Bxc5 15.O-O Bxg2 16.Kxg2 Qc6+
17.f3 O-O-O 18.Qe2 Bd4 19.Ne4 Nc5 20.Nxc5 Qxc5 21.h4 Rd5 22.Rac1 Re5 23.Qc2 Be3
24.Bxe3 Rxe3 25.Rfe1 Rxe1 26.Rxe1 Rd8 27.Qf2 Qxf2+ 28.Kxf2 Kc7 29.g4 Rh8
30.g5 Rxh4 31.Rxe6 Rh2+ 32.Kg3 Rxb2 33.g6  1-0

[Event "JUG-chT Cetinje"]
[Site "Cetinje"]
[Date "1991.??.??"]
[Round "8"]
[White "Dorfman, Josif D"]
[Black "Tukmakov, Vladimir B"]
[Result "1/2-1/2"]
[WhiteElo "2575"]
[BlackElo "2520"]

1.c4 c6 2.Nc3 d5 3.cxd5 cxd5 4.d4 Nf6 5.Bf4 Nc6 6.e3 a6 7.Bd3 Bg4 8.Nge2 e6
9.Rc1 Bd6 10.f3 Bh5 11.O-O Bg6 12.Bxd6 Qxd6 13.Nf4 Bxd3 14.Nxd3 O-O 15.Na4 Nd7
16.Qd2 b6 17.Rc2 Rfc8 18.Rfc1 Ne7 19.Qb4 Qxb4 20.Nxb4 a5 21.Nc6 Kf8 22.Nxe7 Rxc2
23.Rxc2 Kxe7 24.Rc7 Rb8 25.Nc3 Kd8 26.Nb5 f6 27.Rc6 Rc8 28.Rxe6 Rc1+ 29.Kf2 Rc2+
30.Kg3 Rxb2 31.a4 Rc2 32.h4 Rc4 33.h5 Rxa4 34.Nc3 Rb4 35.h6 gxh6 36.Nxd5 Rb5
37.e4 a4 38.Nc3 Ra5 39.Rc6 a3 40.Na2 Ra4 41.Rc3 Rxd4 42.Rxa3 f5 43.exf5 Ke7
44.Re3+  1/2-1/2

[Event "Cheliabinsk"]
[Site "Cheliabinsk"]
[Date "1991.??.??"]
[Round "?"]
[White "Filipenko, Alexander V"]
[Black "Panchenko, Alexander N"]
[Result "1/2-1/2"]
[WhiteElo "2370"]
[BlackElo "2445"]

1.c4 c6 2.e4 d5 3.cxd5 cxd5 4.exd5 Nf6 5.Nc3 Nxd5 6.Nf3 Nc6 7.d4 Bg4 8.Qb3 Bxf3
9.gxf3 e6 10.Qxb7 Nxd4 11.Bb5+ Nxb5 12.Qc6+ Ke7 13.Qxb5 Qd7 14.Nxd5+ Qxd5
15.Qxd5 exd5 16.O-O Ke6 17.Re1+ Kf5 18.Rd1 Ke6 19.Re1+ Kf5 20.Rd1  1/2-1/2

[Event "Cheliabinsk-A"]
[Site "Cheliabinsk"]
[Date "1991.??.??"]
[Round "?"]
[White "Ionov, Sergey"]
[Black "Sherbakov, Ruslan"]
[Result "1-0"]
[WhiteElo "2510"]
[BlackElo "2525"]

1.c4 c6 2.e4 d5 3.exd5 cxd5 4.cxd5 Nf6 5.Nc3 Nxd5 6.Nf3 Nc6 7.d4 Bg4 8.Qb3 Bxf3
9.gxf3 e6 10.Qxb7 Nxd4 11.Bb5+ Nxb5 12.Qc6+ Ke7 13.Qxb5 Qd7 14.Nxd5+ Qxd5
15.Qxd5 exd5 16.Bd2 Ke6 17.O-O-O Bc5 18.Rhe1+ Kd6 19.Bf4+ Kc6 20.Re2 d4 21.Rc2 Kd5
22.Kd2 Rac8 23.Rdc1 Bb4+ 24.Kd3 Rxc2 25.Rxc2 Bc5 26.Re2 f6 27.Re4 g5 28.Bd2 f5
29.Re1 h6 30.h3 Rb8 31.b3 Rg8 32.b4 Bd6 33.Rc1 g4 34.hxg4 fxg4 35.Rh1 Bf8
36.Rh5+ Kc6 37.b5+ Kb7 38.fxg4 Rxg4 39.Rf5 Bg7 40.Ba5 Rg1 41.Rf7+ Kb8 42.Bc7+ Kc8
43.Bg3 Rd1+ 44.Ke2  1-0

[Event "Copenhagen op"]
[Site "Copenhagen"]
[Date "1991.??.??"]
[Round "3"]
[White "Mednis, Edmar John"]
[Black "Hector, Jonny"]
[Result "1/2-1/2"]
[WhiteElo "2460"]
[BlackElo "2465"]

1.c4 c6 2.Nf3 Nf6 3.g3 Qa5 4.Qb3 g5 5.Qc3 Qxc3 6.Nxc3 g4 7.Nh4 d5 8.cxd5 cxd5
9.Bg2 e6 10.d3 Bd7 11.Bg5 Be7 12.f3 Rg8 13.Bd2 d4 14.Nd1 Nc6 15.Nf2 h5 16.O-O-O Bb4
17.Kb1 Bxd2 18.Rxd2 Rc8 19.Rc1 Ke7 20.f4 Na5 21.Rdc2 Rxc2 22.Rxc2 Rc8 23.Rxc8 Bxc8
24.Kc2  1/2-1/2

[Event "DEN-chB"]
[Site "DEN"]
[Date "1991.??.??"]
[Round "4"]
[White "Rodgaard, John"]
[Black "Pedersen, Finn"]
[Result "0-1"]
[WhiteElo "2350"]
[BlackElo "2300"]

1.c4 c6 2.d4 d5 3.e3 Nf6 4.Nc3 a6 5.Nf3 b5 6.cxd5 cxd5 7.a4 b4 8.Ne2 e6 9.Nf4 Bd6
10.Be2 O-O 11.O-O Ne4 12.Nd3 a5 13.Bd2 Ba6 14.Be1 Nd7 15.Nd2 Qb8 16.f4 f5
17.Ne5 Bxe5 18.fxe5 Qb6 19.Bh4 Rac8 20.Nxe4 dxe4 21.Rf2 Bxe2 22.Qxe2 Qc6
23.g4 Nb6 24.gxf5 Rxf5 25.Rg2 Rf3 26.Bf6 Qc1+ 27.Qe1 Qxe1+ 28.Rxe1 g6 29.h4 Nd5
30.Bg5 b3 31.Rge2 Kg7 32.Ra1 h6 33.Bf6+ Kf7 34.Ra3 Rc1+ 35.Kg2 Rc2 36.Rxc2 bxc2
37.Ra1 Nb4 38.Bd8 Nd3 39.Bxa5 c1=Q 40.Rxc1 Nxc1 41.Bc3 Na2  0-1

[Event "DEN-chT"]
[Site "DEN"]
[Date "1991.??.??"]
[Round "5"]
[White "Hansen, Carsten"]
[Black "Jelling, Erik"]
[Result "1/2-1/2"]
[WhiteElo "2300"]
[BlackElo "2365"]

1.c4 c6 2.Nc3 d5 3.d4 Nf6 4.Nf3 dxc4 5.a4 Bf5 6.e3 e6 7.Bxc4 Bb4 8.O-O O-O
9.Qe2 Nbd7 10.e4 Bg6 11.Bd3 Bh5 12.Bf4 Re8 13.e5 Nd5 14.Nxd5 cxd5 15.Rfc1 a6
16.h3 Bg6 17.Bxg6 fxg6 18.Bd2 Bxd2 19.Qxd2 Nb8 20.b4 Nc6 21.Rc5 Qd7 22.Rac1 h6
23.b5 axb5 24.axb5 Ne7 25.Qb4 Rec8 26.h4 Kf7 27.g3 b6 28.R5c3 Rxc3 29.Rxc3 Rc8
30.Ra3 Rc1+ 31.Kg2 Qc7 32.Nd2 Rc2 33.Ra8 Nc8 34.Nf1 Qc3 35.Qxc3 Rxc3 36.g4 Rc7
37.Rb8 Ke7 38.f4 Kd8 39.f5 Ra7 40.f6 g5 41.hxg5 hxg5 42.Ng3 gxf6 43.exf6 Rf7
44.Nh5 Kc7 45.Ra8 Kb7 46.Ra2 Nd6 47.Rc2 Nxb5 48.Re2 Nxd4 49.Re5 Kc6 50.Rxg5 b5
51.Rg8 Kd6 52.g5 Ke5 53.Kh3 Rh7 54.Kg4 Nf5 55.g6 Rc7 56.Rh8 Rc4+ 57.Kg5 Rc1
58.Ng3 Rg1 59.Rh3 Nxg3 60.f7 Nf5+ 61.Kh5 Kf4 62.Rh4+ Nxh4 63.f8=Q+ Nf5 64.Qb4+ d4
65.Qd2+ Ke5 66.Qb4  1/2-1/2

[Event "Eger op"]
[Site "Eger"]
[Date "1991.??.??"]
[Round "?"]
[White "Feher, Gyula"]
[Black "Bali, Janos"]
[Result "1-0"]
[WhiteElo "2375"]
[BlackElo "2270"]

1.c4 c6 2.e4 d5 3.exd5 cxd5 4.d4 Nf6 5.Nc3 e6 6.Nf3 Be7 7.cxd5 Nxd5 8.Bd3 Nc6
9.O-O Bf6 10.Be4 Nce7 11.Qd3 Bd7 12.Bxd5 exd5 13.Bg5 Bxg5 14.Nxg5 h6 15.Nf3 O-O
16.Rfe1 a6 17.Rac1 Bf5 18.Qe3 Nc6 19.Qf4 Be6 20.h3 b5 21.Ne5 Nxe5 22.Qxe5 Rc8
23.Qe3 Qh4 24.Ne2 Qg5 25.Nf4 Rxc1 26.Rxc1 Re8 27.Rc5 Kh7 28.Nxe6 Qxe3 29.fxe3 Rxe6
30.Kf2 Rd6 31.Kf3 Kg6 32.e4 dxe4+ 33.Kxe4 Kf6 34.d5 Ke7 35.Rc7+ Ke8 36.Kd4 Rf6
37.Kc5 Rf2 38.g4 Kd8 39.Ra7 Rxb2 40.Kd6 Kc8 41.Rxa6 Kb7 42.Ra3 Rd2 43.Rb3 Rxa2
44.Rxb5+ Kc8 45.Ke7 Ra7+ 46.Ke8 Kc7 47.Ke7 Kc8+ 48.Kf8 Ra3 49.Kxg7 Rxh3 50.Kxf7 Rh4
51.Ke7 Rxg4 52.Rc5+ Kb7 53.d6 Re4+ 54.Kd8 Rg4 55.d7 Rd4 56.Ke7 Re4+ 57.Kf6 Rd4
58.Ke6 Re4+ 59.Kd5 Re1 60.Rc8  1-0

[Event "Elgoibar"]
[Site "Elgoibar"]
[Date "1991.??.??"]
[Round "3"]
[White "Ubilava, Elizbar"]
[Black "Cruz Lopez Claret, Carlos"]
[Result "1-0"]
[WhiteElo "2535"]
[BlackElo "2275"]

1.c4 c6 2.d4 d5 3.Nf3 Nf6 4.Nc3 dxc4 5.a4 Bg4 6.Ne5 Bh5 7.Nxc4 e6 8.g3 Bb4
9.Bg2 Nd5 10.Qb3 a5 11.O-O O-O 12.e4 Nc7 13.Be3 Nba6 14.Na2 Qe7 15.Nxb4 Qxb4
16.Qc2 Rfd8 17.Rfc1 Bg6 18.Qc3 Ne8 19.Nxa5 Nd6 20.e5 Nf5 21.Qxb4 Nxb4 22.Nxb7 Nxd4
23.Nxd8 Ne2+ 24.Kh1  1-0

[Event "Elgoibar"]
[Site "Elgoibar"]
[Date "1991.??.??"]
[Round "5"]
[White "Franco Ocampo, Zenon"]
[Black "Cruz Lopez Claret, Carlos"]
[Result "1-0"]
[WhiteElo "2495"]
[BlackElo "2275"]

1.c4 c6 2.e4 e5 3.Nf3 Qa5 4.Nc3 Bb4 5.Be2 Nf6 6.Qc2 O-O 7.O-O d5 8.exd5 cxd5
9.Nxd5 Nxd5 10.cxd5 Qxd5 11.Bc4 Qd8 12.Nxe5 Bd6 13.d4 Nd7 14.Bf4 Qf6 15.Qe4 Nb6
16.Bb3 Be6 17.Bxe6 Qxe6 18.Qxb7 Nd5 19.Bg3 Rfb8 20.Qc6 Bxe5 21.Qxe6 fxe6
22.Bxe5 Rxb2 23.Rfb1 Rd2 24.Rb7 Nf6 25.a4 Rc8 26.Rxa7 Rcc2 27.Rf1 Ra2 28.h3  1-0

[Event "Elgoibar"]
[Site "Elgoibar"]
[Date "1991.??.??"]
[Round "6"]
[White "Ubilava, Elizbar"]
[Black "Iruzubieta, Jesus Maria"]
[Result "1-0"]
[WhiteElo "2535"]
[BlackElo "2310"]

1.c4 c6 2.Nf3 d5 3.d4 Nf6 4.Nc3 dxc4 5.a4 Bf5 6.Nh4 Bd7 7.g3 g6 8.e4 Qa5
9.Bd2 e5 10.dxe5 Ng4 11.Nd5 Qc5 12.Nc7+ Kd8 13.Ne6+ fxe6 14.Qxg4 Na6 15.Be2 Qxe5
16.O-O Bb4 17.Rad1 Bxd2 18.Rxd2 Kc7 19.Nf3 Qf6 20.e5 Qe7 21.Bxc4 Nb4 22.Rd6 Nd5
23.b4 Raf8 24.Nd4 Kb8 25.b5 Nf6 26.Qg5 cxb5 27.Bxe6 Bxe6 28.Nxe6 Rf7 29.Rfd1 a6
30.exf6 Rxf6 31.Rd8+ Rxd8 32.Rxd8+ Ka7 33.Qe3+ b6  1-0

[Event "Forli op"]
[Site "Forli"]
[Date "1991.??.??"]
[Round "4"]
[White "Vezzosi, Paolo"]
[Black "Payen, Arnaud"]
[Result "1-0"]
[WhiteElo "2325"]
[BlackElo "2215"]

1.c4 c6 2.Nf3 d5 3.b3 dxc4 4.bxc4 e5 5.Nc3 Bd6 6.g3 Nf6 7.Bg2 O-O 8.O-O Nbd7
9.d3 Re8 10.Qc2 h6 11.Bb2 Qc7 12.Rad1 Nb6 13.Nd2 Be6 14.Qc1 Nbd7 15.Nce4 Nxe4
16.Nxe4 Be7 17.Ba3 Nf6 18.Bxe7 Qxe7 19.Nxf6+ Qxf6 20.Qc3 Rad8 21.Rd2 Qe7
22.c5 f6 23.Rb1 Qf7 24.a3 a6 25.Rb4 Re7 26.Rdb2 Rdd7 27.Bf3 Bd5 28.e4 Be6
29.d4 exd4 30.Rxd4 Rxd4 31.Qxd4 Rd7 32.Qe3 Qe7 33.e5 f5 34.h4 f4 35.gxf4 Qxh4
36.Rd2 Qd8 37.Rd6 Qe8 38.Be4 Qf7 39.Bc2 g6 40.Qd3 Kg7 41.Qd4 Re7 42.Qe3 Kh7
43.Qg3 Kg7 44.f5 Bxf5 45.Rf6 Bxc2 46.Rxf7+ Kxf7 47.Qh4 Bf5 48.f4 h5 49.Qf6+ Ke8
50.Kf2 Kd7 51.Kg3 Re6 52.Qg7+ Re7 53.Qf8 Re8 54.Qf7+ Re7 55.e6+ Bxe6 56.Qxg6 Bd5
57.Qd6+ Ke8 58.f5 Re4 59.Qc7 Re7 60.Qc8+ Kf7 61.Kf4 Re4+ 62.Kg5 Rg4+ 63.Kxh5 Rg8
64.Qxb7+ Kf6 65.Qxa6 Rg5+ 66.Kh4 Rxf5 67.Qa8 Rf4+ 68.Kg3 Rc4 69.a4 Ke5 70.Qa7 Kd4
71.a5 Rc3+ 72.Kh4 Bc4 73.Qg7+ Kd3 74.Qg6+  1-0

[Event "Arnold Cup"]
[Site "Gausdal"]
[Date "1991.??.??"]
[Round "3"]
[White "Stohl, Igor"]
[Black "Bagirov, Vladimir"]
[Result "0-1"]
[WhiteElo "2550"]
[BlackElo "2485"]

1.c4 c6 2.e4 d5 3.exd5 cxd5 4.cxd5 Nf6 5.Bb5+ Nbd7 6.Nc3 g6 7.d4 Bg7 8.d6 exd6
9.Qe2+ Qe7 10.Bf4 Qxe2+ 11.Bxe2 Ke7 12.Bf3 Nb6 13.Nge2 h6 14.h4 Rd8 15.O-O Rb8
16.Rfe1 Be6 17.Rad1 Kf8 18.Nb5 Nc8 19.Nec3 Ne8 20.d5 Bd7 21.Nd4 Ne7 22.Re2 Nf5
23.Nxf5 Bxf5 24.g4 Bd7 25.Ne4 Bb5 26.Rc2 Rd7 27.b3 Rbd8 28.a4 Ba6 29.b4 b6
30.Rc6 Bb7 31.b5 Kg8 32.Kg2 Kh7 33.Rc2 Be5 34.Be3 f5 35.gxf5 gxf5 36.Nc3 Nf6
37.Ne2 Rg8+ 38.Kf1 Ng4 39.Nf4 Re7 40.Bxg4 Rxg4 41.Rdc1 Bxf4 42.Rc7 Reg7 43.Rxg7+ Kxg7
44.Rc7+ Kf6 45.Rxb7 Bxe3 46.fxe3 Rxa4 47.h5 Ra5 48.Rh7 Kg5 49.Rd7 Rxb5 50.Rxd6 a5
51.Rd8 a4 52.d6 Rd5 53.d7 Kxh5 54.Ra8 Rxd7 55.Rxa4 b5 56.Rb4 Rb7 57.Kf2 Kg5
58.Kf3 Rb6 59.Kg3 Kf6 60.Kf3 Ke5 61.Ke2 Rb8 62.Kd3 Kf6 63.Ke2 h5 64.Kf3 h4
65.Kg2 Ke5 66.Kh3 Kd5 67.Kxh4 Kc5 68.Rb1 Re8  0-1

[Event "Arnold Cup"]
[Site "Gausdal"]
[Date "1991.??.??"]
[Round "5"]
[White "Hansen, Lars Bo"]
[Black "Engqvist, Thomas"]
[Result "1-0"]
[WhiteElo "2525"]
[BlackElo "2355"]

1.c4 c6 2.Nc3 d5 3.d4 e5 4.cxd5 cxd5 5.e4 exd4 6.Qxd4 Nc6 7.Qxd5 Be6 8.Qxd8+ Rxd8
9.Nf3 Nf6 10.Bg5 h6 11.Bxf6 gxf6 12.Bb5 Rg8 13.O-O Bb4 14.Rfd1 Bxc3 15.bxc3 Rxd1+
16.Rxd1 Bg4 17.Rd3 Bxf3 18.Rxf3 Ke7 19.Bxc6 bxc6 20.Rf5 Rb8 21.g3 Rb1+ 22.Kg2 Rc1
23.Rc5 Kd6 24.Ra5 Rxc3 25.Rxa7 Ke6 26.Rc7 Rc2 27.a4 c5 28.a5 c4 29.a6 Ra2
30.a7 c3 31.Kf3 c2 32.h4 Rxa7 33.Rxc2 Ra5 34.Kf4 Ke7 35.Rc8 Ra2 36.f3 Ra5
37.Rh8 h5 38.Rb8 Rc5 39.Rb3 Ra5 40.Rd3 Ra8 41.Rd5 Rh8 42.Ra5 Rh6 43.Ra8 Rh7
44.Rb8 Rh6 45.Kf5 Rg6 46.g4 Rh6 47.g5 fxg5 48.hxg5 Ra6 49.Rh8 Ra3 50.f4 Rh3
51.Rh7 Kf8 52.Kf6  1-0

[Event "Gausdal Int"]
[Site "Gausdal"]
[Date "1991.??.??"]
[Round "5"]
[White "Bykhovsky, Avigdor"]
[Black "Shabalov, Alexander"]
[Result "0-1"]
[WhiteElo "2500"]
[BlackElo "2535"]

1.c4 c6 2.e4 e6 3.d4 d5 4.e5 dxc4 5.Bxc4 c5 6.Nf3 Nc6 7.d5 exd5 8.Bxd5 Nge7
9.Bb3 Qxd1+ 10.Bxd1 Ng6 11.O-O Bg4 12.Nc3 O-O-O 13.Ng5 Bxd1 14.Nxd1 Ncxe5
15.f4 h6 16.fxe5 hxg5 17.Bxg5 Rd7 18.Rf5 Rd5 19.Rxf7 Nxe5 20.Rf5 Nf3+ 21.Rxf3 Rxg5
22.Nc3 Bd6 23.h3 Re8 24.Kf1 Kd7 25.g4 Kc6 26.Re1 Rge5 27.Rxe5 Bxe5 28.h4 b5
29.h5 b4 30.Nd1 c4 31.Ne3 Kc5 32.b3 c3 33.Rf5 a5 34.Ke2 Kd4 35.Nc2+ Ke4 36.Rf3 Rd8
37.Re3+ Kf4 38.Rf3+ Kxg4 39.Ne3+ Kh4 40.Rf5 Rd2+ 41.Kf3 Bd4 42.Ng2+ Rxg2  0-1

[Event "BL2-W9091"]
[Site "Germany"]
[Date "1991.??.??"]
[Round "?"]
[White "Bachmann, Karlheinz"]
[Black "Hennig, Dirk"]
[Result "1/2-1/2"]
[WhiteElo "2325"]
[BlackElo "2335"]

1.c4 c6 2.d4 d5 3.cxd5 cxd5 4.Nc3 Nf6 5.Bf4 a6 6.e3 b5 7.Bd3 e6 8.Nf3 Bb7
9.Ne5 Be7 10.O-O O-O 11.Bg5 Nbd7 12.f4 Ne4 13.Bxe7 Qxe7 14.Nxd7 Qxd7 15.Bxe4 dxe4
16.Rc1 Rfc8 17.Qd2 b4 18.Ne2 Qb5 19.Rxc8+ Rxc8 20.Rc1 Rxc1+ 21.Nxc1 a5 22.Nb3 Bd5
23.Qc2 h6 24.Nc5 f5 25.b3 g5 26.g3 Kf7  1/2-1/2

[Event "Bundesliga 9091"]
[Site "Germany"]
[Date "1991.??.??"]
[Round "?"]
[White "Uhlmann, Wolfgang"]
[Black "Derikum, Axel"]
[Result "1-0"]
[WhiteElo "2505"]
[BlackElo "2320"]

1.c4 c6 2.d4 d5 3.Nf3 Nf6 4.Nc3 dxc4 5.a4 Bg4 6.Ne5 Bh5 7.g3 e6 8.Bg2 Bb4
9.O-O O-O 10.Nxc4 a5 11.Ne5 Na6 12.h3 Nd7 13.Nd3 Be7 14.Nf4 Bg6 15.e4 e5
16.dxe5 Nxe5 17.h4 h6 18.Nxg6 Nxg6 19.Qe2 Bc5 20.Kh2 Re8 21.f4 Nf8 22.e5 Qe7
23.Ne4 Nh7 24.Bd2 Bb4 25.Rad1 Rad8 26.Bxb4 Qxb4 27.Qg4 Rb8 28.h5 Re7 29.Nf6+ Kh8
30.Nxh7 Kxh7 31.Qf5+ g6 32.Qf6 Rg8 33.Rd6 Rc7 34.Rfd1 Rg7 35.Rd8 Qxa4 36.hxg6+  1-0

[Event "Bundesliga 9091"]
[Site "Germany"]
[Date "1991.??.??"]
[Round "?"]
[White "Smejkal, Jan"]
[Black "Haba, Petr"]
[Result "1/2-1/2"]
[WhiteElo "2535"]
[BlackElo "2465"]

1.c4 c6 2.Nc3 d5 3.d4 Nf6 4.e3 g6 5.Nf3 Bg7 6.Be2 O-O 7.O-O Bg4 8.cxd5 cxd5
9.Qb3 b6 10.h3 Bxf3 11.Bxf3 e6 12.Be2 a6 13.Bd2 Nc6 14.Rfc1 Na5 15.Qb4 Nd7
16.b3 Rc8 17.Na4  1/2-1/2

[Event "Bundesliga 9091"]
[Site "Germany"]
[Date "1991.??.??"]
[Round "?"]
[White "Schneider, B."]
[Black "Franke, Heribert"]
[Result "0-1"]
[WhiteElo "2435"]
[BlackElo "2390"]

1.c4 c6 2.Nc3 d5 3.d4 Nf6 4.Nf3 dxc4 5.a4 Bf5 6.e3 e6 7.Bxc4 Bb4 8.O-O Nbd7
9.Nh4 Bg6 10.f4 Nb6 11.Nxg6 hxg6 12.Be2 Nbd5 13.Bf3 Qc7 14.Bd2 a5 15.Rc1 g5
16.e4 Bxc3 17.bxc3 Nxf4 18.e5 N6d5 19.g3 Nh3+ 20.Kh1 O-O-O 21.Bg4 f5 22.exf6 gxf6
23.Bxe6+ Kb8 24.Qf3 Rh6 25.c4 Nb4 26.d5 Rdh8 27.Bf5 Qd6 28.Bxb4 axb4 29.dxc6 Qxc6
30.Be4 Qc7 31.Rb1 g4 32.Qxg4 Ng5 33.Rb2 Qe5 34.Re2 Nxe4 35.Rxe4 Rxh2+ 36.Kg1 Rh1+
37.Kf2 Qb2+ 38.Re2 R1h2+ 39.Ke1  0-1

[Event "Bundesliga 9091"]
[Site "Germany"]
[Date "1991.??.??"]
[Round "?"]
[White "Razuvaev, Yuri S"]
[Black "Haba, Petr"]
[Result "0-1"]
[WhiteElo "2570"]
[BlackElo "2440"]

1.c4 c6 2.e4 d5 3.exd5 cxd5 4.cxd5 Nf6 5.Nc3 Nxd5 6.Nf3 e6 7.d4 Be7 8.Bc4 O-O
9.O-O Nc6 10.Re1 Nf6 11.a3 a6 12.Ba2 b5 13.d5 Nxd5 14.Nxd5 exd5 15.Qxd5 Bb7
16.Qh5 Qd6 17.Bg5 Rad8 18.h4 h6 19.Be3 Qf6 20.b4 Bd6 21.Rad1 Bc7 22.Bc5 Rxd1
23.Rxd1 Rd8 24.Re1 Bc8 25.Ng5 hxg5 26.hxg5 g6 27.Qh6 Qg7 28.Qh4 Bf5 29.g4 Ne5
30.Kg2 Bxg4 31.Rxe5 Qxe5 32.Qxg4 Qh2+ 33.Kf3 Qh1+  0-1

[Event "Bundesliga 9091"]
[Site "Germany"]
[Date "1991.??.??"]
[Round "?"]
[White "Messmer, Martin"]
[Black "Ramos, Domingo"]
[Result "0-1"]
[WhiteElo "2365"]
[BlackElo "2330"]

1.c4 c6 2.Nf3 Nf6 3.Nc3 d5 4.e3 dxc4 5.Bxc4 b5 6.Bb3 e6 7.d4 a6 8.a4 b4 9.Ne2 Nbd7
10.a5 Be7 11.O-O O-O 12.Nf4 Rb8 13.Qc2 Rb5 14.Rd1 Bb7 15.Ne5 g5 16.Nfd3 Nxe5
17.Nxe5 Rxa5 18.Rxa5 Qxa5 19.Nxc6 Qc7 20.Nxe7+ Qxe7 21.f3 Rc8 22.Qf2 Bd5
23.Bxd5 exd5 24.e4 h6 25.e5 Nh5 26.f4 gxf4 27.Qf3 Qg5 28.Qxd5 Qf5 29.Qf3 Rc2
30.g4 fxg3 31.Qe3 gxh2+ 32.Kh1 Qe4+  0-1

[Event "Bundesliga 9091"]
[Site "Germany"]
[Date "1991.??.??"]
[Round "?"]
[White "Hort, Vlastimil"]
[Black "Haba, Petr"]
[Result "1-0"]
[WhiteElo "2540"]
[BlackElo "2465"]

1.c4 c6 2.e4 d5 3.exd5 cxd5 4.d4 Nf6 5.Nc3 e6 6.Nf3 Bb4 7.Bd2 O-O 8.Rc1 b6
9.cxd5 Bxc3 10.Rxc3 Nxd5 11.Ra3 Nd7 12.Bd3 N7f6 13.O-O a5 14.Re1 Bb7 15.Bg5 Qd6
16.Ne5 h6 17.Bh4 Nd7 18.Bg3 Nxe5 19.Bxe5 Qe7 20.Qe2 Nb4 21.Bb1 f6 22.Bf4 Nd5
23.Bd2 Kh8 24.Rh3 f5 25.Qxe6 Qxe6 26.Rxe6 Rae8 27.Re5 f4 28.Rhh5 Rd8 29.Rhf5 g5
30.Rxf8+ Rxf8 31.Be4 Rd8 32.h4 gxh4 33.Kh2 Nf6 34.Bf5 f3 35.Re6 Rf8 36.Bxh6 Rf7
37.Bg5 Nd5 38.Bg6 Rg7 39.Re8+ Rg8 40.Rxg8+ Kxg8 41.gxf3  1-0

[Event "Bundesliga 9091"]
[Site "Germany"]
[Date "1991.??.??"]
[Round "?"]
[White "Ditt, Egon"]
[Black "Mudelsee, Manfred"]
[Result "1/2-1/2"]
[WhiteElo "2295"]
[BlackElo "2265"]

1.c4 c6 2.b3 d5 3.Bb2 Nf6 4.Nf3 g6 5.d3 Bg7 6.Nbd2 O-O 7.g3 a5 8.Bg2 a4 9.O-O b5
10.cxb5 cxb5 11.bxa4 Rxa4 12.Qb3 Na6 13.a3 Qb6 14.Be5 Nc5 15.Qb2 Ne6 16.Nb3 Bd7
17.Nbd4 Nxd4 18.Bxd4 Qa6 19.Ne5 Ng4 20.Nc6 Bxd4 21.Nxd4 Qf6 22.e3 Qe5 23.Qb3 Qh5
24.h4 Nf6 25.Nxb5 Ra5 26.Nd4 e5 27.Nf3 e4 28.Nd4 Qe5 29.dxe4 dxe4 30.Rfc1 Rb8
31.Qc2 Rc8 32.Qd2 Rca8 33.Rc3 Kg7 34.Ne2 Nd5 35.Rcc1 Rxa3 36.Rxa3 Rxa3 37.Qd4 Qxd4
38.Nxd4 f5 39.Bf1 Rc3 40.Ra1 Rc7 41.Ra6 Kf7 42.h5 Nf6  1/2-1/2

[Event "Bundesliga 9091"]
[Site "Germany"]
[Date "1991.??.??"]
[Round "?"]
[White "Biebinger, Gerhard"]
[Black "Schlosser, Philipp"]
[Result "1-0"]
[WhiteElo "2330"]
[BlackElo "2465"]

1.c4 c6 2.d4 d5 3.cxd5 cxd5 4.Nc3 Nf6 5.Nf3 Nc6 6.Bf4 Bf5 7.e3 e6 8.Bd3 Bxd3
9.Qxd3 Be7 10.O-O O-O 11.Rfc1 Rc8 12.h3 a6 13.Nd2 Nd7 14.a3 Nb6 15.Ne2 Qd7
16.b4 Na7 17.Nb3 Rc4 18.Nc5 Qc6 19.Rcb1 Rc8 20.Qb3 Nd7 21.a4 Nf8 22.Bg3 Qb6
23.a5 Qc6 24.Nc3 Nb5 25.N3a4 Bxc5 26.bxc5 Nd7 27.Rc1 Rxc1+ 28.Rxc1 f6 29.Nc3 Nxc3
30.Rxc3 e5 31.Qa2 exd4 32.exd4 Re8 33.Rb3 Re4 34.Rb4 Nxc5 35.Rb6 Rxd4 36.Rxc6 bxc6
37.Qb2 Rc4 38.Qb8+ Kf7 39.Qc7+  1-0

[Event "BL2-W9091"]
[Site "Germany"]
[Date "1991.??.??"]
[Round "?"]
[White "Wintzer, Joachim"]
[Black "Fischdick, Gisela"]
[Result "1/2-1/2"]
[WhiteElo "2310"]
[BlackElo "2275"]

1.c4 c6 2.Nc3 d5 3.d4 e6 4.e3 f5 5.g3 Nf6 6.Bg2 Bd6 7.b3 O-O 8.Nge2 Nbd7
9.Bb2 Qe7 10.O-O g5 11.a4 a5 12.Nb1 Nb8 13.Ba3 Na6 14.Bxd6 Qxd6 15.Nd2 Bd7
16.Nf3 h6 17.Ne5 Be8 18.Qd2 Nb4 19.f3 Rd8 20.Rad1 Qe7 21.Qb2 Qg7 22.Kh1 Bg6
23.Nc1 Nd7 24.Nxd7 Rxd7 25.f4 Bh5 26.Rd2 Qe7 27.c5 Rb8 28.Nd3 Nxd3 29.Rxd3 b5
30.cxb6 Rxb6 31.Rc1 Qb4 32.Qa2 Rdb7 33.Rdc3 Bd1 34.Qa1 Bxb3 35.Rxc6 Bxa4
36.Rc8+ Kg7 37.fxg5 hxg5 38.h4 Bd7 39.R8c5 a4 40.hxg5 Qb2 41.Qxb2 Rxb2 42.R5c3 Kg6
43.g4 fxg4 44.e4 Rb1 45.exd5 Rxc1+ 46.Rxc1 exd5 47.Bxd5 Rb4 48.Bc6 Rxd4 49.Bxd7 Rxd7
50.Rc4 a3 51.Ra4 Rd3 52.Ra5 Kh5 53.Kg2 Rb3 54.Kf1 Rc3 55.Kg2 Re3 56.Kf2 Rf3+
57.Kg2 Re3 58.Kf2 Rf3+ 59.Kg2 Rd3 60.Kf1 Rg3 61.Kf2 Rh3 62.Kg2 Rb3  1/2-1/2

[Event "Anadalucia-chT"]
[Site "Granada"]
[Date "1991.??.??"]
[Round "2"]
[White "Medina Garcia, Diego"]
[Black "Diez Gonzalez, Pedro M"]
[Result "1-0"]
[WhiteElo "2250"]
[BlackElo "2185"]

1.c4 c6 2.e4 e5 3.Nf3 d6 4.h3 Nd7 5.d4 Ngf6 6.Nc3 Be7 7.Be2 O-O 8.O-O Qc7
9.Be3 a5 10.Qc2 Re8 11.Rad1 Bf8 12.Rfe1 exd4 13.Nxd4 Nc5 14.Bf3 Nfd7 15.b3 Ne5
16.Be2 Ng6 17.Bf1 Bd7 18.g3 h5 19.Bg2 Rad8 20.Bg5 f6 21.Be3 h4 22.g4 Ne6
23.Nxe6 Bxe6 24.f4 Bf7 25.Qf2 Ra8 26.a4 d5 27.f5 Ne5 28.exd5 Bb4 29.Bd4 Rab8
30.Re2 Bxc3 31.Bxc3 cxd5 32.Bxd5 Nc6 33.Bxf7+ Kxf7 34.Red2 Rbd8 35.Rd5 Kg8
36.Be1 Ne5 37.Bc3 Rxd5 38.Rxd5 Nc6 39.Kf1 Re4 40.Bd2 Qe7 41.Rd3 Qa3 42.Re3 Qa1+
43.Kg2 Qe5 44.Qf3 Rxe3 45.Qxe3 Qb2 46.g5 fxg5 47.Qxg5 Qe5 48.Qf4 Qe2+ 49.Qf2 Qe4+
50.Qf3 Qc2  1-0